[Event "4NCL Division Two"]
[Site "Daventry, ENG"]
[Date "2023.01.15"]
[Round "4.55"]
[White "Manley, Jon P"]
[Black "Grant, David J"]
[Result "1-0"]
[WhiteElo "2161"]
[BlackElo "2207"]
[PlyCount "71"]
[EventDate "2023.01.15"]
[WhiteTeam "Oxford 1"]
[BlackTeam "Sussex Martlets 1"]

1. e4 c5 2. Nc3 Nc6 3. g3 g6 4. Bg2 Bg7 5. d3 Rb8 6. Be3 Qa5 7. Nge2 b5 8. Qd2
b4 9. Nd1 Nf6 10. h3 Ba6 11. O-O O-O 12. f4 c4 13. Nf2 c3 14. bxc3 bxc3 15. Qd1
Rfc8 16. Nc1 d6 17. Nb3 Qa3 18. Re1 Nd7 19. g4 Bb5 20. h4 a5 21. g5 Ba6 22. d4
a4 23. d5 Nb4 24. Bc1 Qb2 25. Bxb2 cxb2 26. Rb1 axb3 27. cxb3 Nc2 28. e5 Nxe1
29. Qxe1 dxe5 30. Rxb2 exf4 31. Rb1 Bd4 32. Kh1 Rc2 33. Qe4 Rd2 34. Ng4 Bc5 35.
Qxf4 Rf2 36. Nxf2 1-0

[Event "4NCL Division Two"]
[Site "Daventry, ENG"]
[Date "2023.01.15"]
[Round "4.56"]
[White "Ursell, Adam R"]
[Black "Hobson, Kenneth"]
[Result "0-1"]
[WhiteElo "1920"]
[BlackElo "2145"]
[PlyCount "192"]
[EventDate "2023.01.15"]
[WhiteTeam "Sussex Martlets 1"]
[BlackTeam "Oxford 1"]

1. e4 e5 2. Nf3 Nc6 3. Bb5 a6 4. Ba4 Nf6 5. O-O b5 6. Bb3 Bc5 7. a4 Rb8 8. axb5
axb5 9. Nxe5 Nxe5 10. d4 Bxd4 11. Qxd4 d6 12. f4 c5 13. Qd2 Nc6 14. e5 dxe5 15.
fxe5 Qxd2 16. Bxd2 c4 17. exf6 cxb3 18. fxg7 Rg8 19. cxb3 Rxg7 20. Nc3 Be6 21.
Bf4 Rd8 22. Nxb5 Rg6 23. Nc7+ Kf8 24. Nxe6+ Rxe6 25. Rae1 Rde8 26. Rxe6 Rxe6
27. Kf2 Nd4 28. Re1 Rf6 29. Re4 Nxb3 30. Ke3 Rc6 31. Rb4 Nc5 32. Rc4 Re6+ 33.
Kf3 Nd3 34. b4 Ne1+ 35. Kf2 Nd3+ 36. Kg3 Rg6+ 37. Kf3 Ne1+ 38. Kf2 Nd3+ 39. Kf1
Re6 40. g3 Re1+ 41. Kg2 Re2+ 42. Kh3 Kg7 43. Rd4 Ne1 44. Rd2 Re4 45. b5 Rb4 46.
Rd5 Nf3 47. Kg2 Nh4+ 48. Kh3 Nf3 49. Bd6 Rb2 50. Be5+ Nxe5 51. Rxe5 Kg6 52. g4
f6 53. Rc5 Rb3+ 54. Kh4 Rb2 55. h3 Rb3 56. g5 Rb4+ 57. Kg3 fxg5 58. Rc6+ Kh5
59. Rc3 Rxb5 60. Ra3 Rb6 61. Rc3 Re6 62. Ra3 Re4 63. Rb3 Kg6 64. Ra3 h5 65. Rb3
Kf5 66. Ra3 Re5 67. Kf3 Rd5 68. Rb3 Ke5 69. Ra3 Rc5 70. Rb3 Kd4 71. Re3 Rf5+
72. Ke2 Rf4 73. Ra3 Rf5 74. Rb3 Rc5 75. Kf2 Ke4 76. Kg2 Rc2+ 77. Kf1 Kf4 78.
Kg1 Re2 79. Kf1 Re3 80. Rb4+ Kg3 81. Rb5 Kh4 82. Kg2 Rg3+ 83. Kh2 Rxh3+ 84. Kg2
Rg3+ 85. Kh2 Ra3 86. Kg2 Ra4 87. Rb2 Kg4 88. Kh2 h4 89. Rc2 h3 90. Rb2 Kh4 91.
Kh1 g4 92. Rb1 g3 93. Kg1 h2+ 94. Kg2 Rf4 95. Rb3 Rf2+ 96. Kh1 Rf1+ 0-1

[Event "4NCL Division Two"]
[Site "Daventry, ENG"]
[Date "2023.01.15"]
[Round "4.57"]
[White "Arora, Tashika"]
[Black "Graham, Cassie M"]
[Result "1-0"]
[WhiteElo "2040"]
[BlackElo "1987"]
[PlyCount "105"]
[EventDate "2023.01.15"]
[WhiteTeam "Oxford 1"]
[BlackTeam "Sussex Martlets 1"]

1. d4 Nf6 2. c4 g6 3. g3 Bg7 4. Bg2 d6 5. Nc3 O-O 6. Nf3 Nbd7 7. O-O c6 8. b3
Qc7 9. Bb2 Re8 10. Rc1 Nf8 11. Qd3 Bg4 12. Nd2 Rad8 13. h3 Bd7 14. e4 e5 15. d5
a5 16. a3 Nh5 17. b4 axb4 18. axb4 Qb6 19. Ba3 Ra8 20. c5 dxc5 21. bxc5 Qa5 22.
Nc4 Qa6 23. Ra1 cxd5 24. Nxd5 Bb5 25. Ndb6 Bxc4 26. Qxc4 Ne6 27. Qb4 Rad8 28.
Bb2 Qd3 29. Nd5 Nd4 30. Ra3 Qb5 31. Qxb5 Nxb5 32. Rb3 Nd4 33. Rxb7 Rb8 34. Rb6
Bf8 35. Bxd4 exd4 36. g4 Ng7 37. Nf6+ Kh8 38. Nxe8 Rxe8 39. c6 Ne6 40. Rfb1 Bd6
41. Rb7 Kg7 42. Rd7 Bf4 43. Rbb7 Rf8 44. Ra7 g5 45. Bf1 Nd8 46. c7 Nc6 47.
Rxf7+ Rxf7 48. c8=Q Nxa7 49. Qc5 Rd7 50. Bd3 h6 51. e5 Rb7 52. e6 Rc7 53. Qxd4+
1-0

[Event "4NCL Division Two"]
[Site "Daventry, ENG"]
[Date "2023.01.15"]
[Round "4.58"]
[White "Rogacewicz, Mikolaj"]
[Black "Murawski, Jan"]
[Result "1-0"]
[WhiteElo "2003"]
[BlackElo "1974"]
[PlyCount "65"]
[EventDate "2023.01.15"]
[WhiteTeam "Sussex Martlets 1"]
[BlackTeam "Oxford 1"]

1. d4 Nf6 2. Nf3 e6 3. g3 d5 4. Bg2 Be7 5. c4 O-O 6. O-O dxc4 7. Ne5 Nc6 8.
Bxc6 bxc6 9. Nxc6 Qe8 10. Nxe7+ Qxe7 11. Qa4 c5 12. Qxc4 cxd4 13. Qxd4 e5 14.
Qh4 h6 15. Nc3 Qb7 16. e4 Qc6 17. Be3 Rb8 18. Rac1 Rxb2 19. Nd5 Qe6 20. Rc6
Nxd5 21. Rxe6 Bxe6 22. exd5 Bxd5 23. a3 Bf3 24. Qe7 e4 25. Bxa7 Rc8 26. g4 Bxg4
27. Qxe4 h5 28. Bd4 Rb5 29. h4 Rd8 30. Kh2 Rb3 31. f3 f5 32. Qe6+ Kh8 33. Qh6+
1-0

[Event "4NCL Division Two"]
[Site "Daventry, ENG"]
[Date "2023.01.15"]
[Round "4.61"]
[White "Macklin, Paul"]
[Black "Ratnesan, Ranesh"]
[Result "1-0"]
[WhiteElo "2353"]
[BlackElo "2341"]
[PlyCount "43"]
[EventDate "2023.01.15"]
[WhiteTeam "Spirit of Atticus"]
[BlackTeam "KJCA Kings"]

1. e4 c5 2. Nf3 d6 3. d4 cxd4 4. Nxd4 Nf6 5. Nc3 a6 6. Bg5 e6 7. f4 Be7 8. Qf3
Qc7 9. O-O-O Nbd7 10. Bd3 h6 11. Qh3 Rg8 12. e5 dxe5 13. Nxe6 Qc6 14. Nxg7+
Rxg7 15. Qxh6 Rg8 16. Rhe1 Ng4 17. Qh4 Bxg5 18. fxg5 Nc5 19. h3 Be6 20. Bh7 Rh8
21. hxg4 Nd7 22. g6 1-0

[Event "4NCL Division Two"]
[Site "Daventry, ENG"]
[Date "2023.01.15"]
[Round "4.62"]
[White "Merriman, John"]
[Black "Mitchell, Martin"]
[Result "1-0"]
[WhiteElo "2358"]
[BlackElo "2193"]
[PlyCount "49"]
[EventDate "2023.01.15"]
[WhiteTeam "KJCA Kings"]
[BlackTeam "Spirit of Atticus"]

1. d4 Nf6 2. c4 e6 3. Nc3 c5 4. d5 exd5 5. cxd5 d6 6. e4 g6 7. Nge2 Bg7 8. Ng3
a6 9. a4 Nbd7 10. Be2 h5 11. O-O h4 12. Nh1 h3 13. g3 Qc7 14. f3 c4 15. Nf2 Rb8
16. Be3 O-O 17. Nxh3 Nc5 18. Nf2 b5 19. axb5 axb5 20. Qc2 b4 21. Nb1 Nb3 22.
Ra7 Rb7 23. Rxb7 Qxb7 24. Qxc4 Na5 25. Qa2 1-0

[Event "4NCL Division Two"]
[Site "Daventry, ENG"]
[Date "2023.01.15"]
[Round "4.63"]
[White "Crocker, Philip J"]
[Black "Harakis, Alexis M"]
[Result "1/2-1/2"]
[WhiteElo "2217"]
[BlackElo "2282"]
[PlyCount "152"]
[EventDate "2023.01.15"]
[WhiteTeam "Spirit of Atticus"]
[BlackTeam "KJCA Kings"]

1. d4 e6 2. c4 d5 3. Nf3 Nf6 4. g3 Bb4+ 5. Bd2 Be7 6. Bg2 c6 7. Qc2 O-O 8. O-O
Ne4 9. Be3 b5 10. b3 Nd7 11. Nc3 Nxc3 12. Qxc3 bxc4 13. bxc4 Ba6 14. Nd2 Nb6
15. c5 Nc4 16. Nxc4 Bxc4 17. Bf3 Qc8 18. Qa3 Bf6 19. Rfd1 e5 20. dxe5 Bxe5 21.
Bd4 Re8 22. e3 Qf5 23. Kg2 Re6 24. Bxe5 Qxe5 25. Rab1 Rf6 26. Qb2 Qe8 27. Rd4
a5 28. a4 h5 29. h4 Qe6 30. Be2 Bxe2 31. Qxe2 Re8 32. Rb2 Qe7 33. Qc2 Re6 34.
Rb6 g5 35. hxg5 Qxg5 36. Rf4 Re4 37. Rxc6 h4 38. Rxe4 Rxe4 39. Rc8+ Kg7 40.
Qb2+ d4 41. Qb8 Qd5 42. Qa8 Qxa8 43. Rxa8 dxe3 44. fxe3 hxg3 45. c6 Rc4 46.
Rxa5 Rxc6 47. Kxg3 Rc4 48. Ra6 f6 49. Kf3 Kg6 50. Ke2 Rc3 51. Kf3 Rc4 52. Ke2
Rc3 53. Rd6 Ra3 54. Rd4 Kf5 55. Kf3 Ke5 56. Rb4 Kf5 57. Rb5+ Kg6 58. Ra5 Rb3
59. Ra8 Rb4 60. a5 Ra4 61. a6 Kh7 62. e4 Kg7 63. Ke3 Kf7 64. Kd3 Kg7 65. Ke3
Kf7 66. Kf4 Ra5 67. a7 Kg7 68. Ke3 Ra1 69. Kd4 Ra5 70. Kc4 Ra1 71. Kb5 Rb1+ 72.
Kc6 Ra1 73. Kd6 Ra4 74. Kd7 Ra5 75. Kd6 Ra4 76. Kc6 Ra1 1/2-1/2

[Event "4NCL Division Two"]
[Site "Daventry, ENG"]
[Date "2023.01.15"]
[Round "4.64"]
[White "Hand, Freddie"]
[Black "Ackley, Peter J E"]
[Result "1-0"]
[WhiteElo "2185"]
[BlackElo "2106"]
[PlyCount "51"]
[EventDate "2023.01.15"]
[WhiteTeam "KJCA Kings"]
[BlackTeam "Spirit of Atticus"]

1. d4 g6 2. c4 Bg7 3. e4 d6 4. Nc3 e5 5. Nge2 exd4 6. Nxd4 Ne7 7. h4 h6 8. Be3
Nbc6 9. Qd2 f5 10. f3 fxe4 11. fxe4 Bg4 12. Be2 Bxe2 13. Ne6 Qd7 14. Nxg7+ Kf7
15. Qxe2 Kxg7 16. O-O-O Qe6 17. Nd5 Rac8 18. Nf4 Qg8 19. Rhf1 Ne5 20. Bd4 N7c6
21. Bc3 Qe8 22. h5 g5 23. Ng6 Rg8 24. Rf5 Kh7 25. Rdf1 Nxg6 26. Rf7+ 1-0

[Event "4NCL Division Two"]
[Site "Daventry, ENG"]
[Date "2023.01.15"]
[Round "4.66"]
[White "Ball, Laurence"]
[Black "Jackson, Sheila"]
[Result "0-1"]
[WhiteElo "2067"]
[BlackElo "2129"]
[PlyCount "80"]
[EventDate "2023.01.15"]
[WhiteTeam "KJCA Kings"]
[BlackTeam "Spirit of Atticus"]

1. g3 d5 2. f4 c5 3. Nf3 Nc6 4. Bg2 Nf6 5. d3 Qc7 6. O-O Bg4 7. Nbd2 O-O-O 8.
c3 e6 9. Qa4 a6 10. e4 h6 11. e5 Nd7 12. d4 Bf5 13. Re1 cxd4 14. Qd1 dxc3 15.
bxc3 Qa5 16. Nb3 Qa4 17. Be3 Ba3 18. Qd2 Be4 19. Nfd4 Bxg2 20. Kxg2 Na5 21.
Nxa5 Qxa5 22. Rab1 Nc5 23. Qc2 Qa4 24. Qxa4 Nxa4 25. Rb3 Bc5 26. Kf3 Bxd4 27.
Bxd4 b5 28. Rbb1 g6 29. h3 h5 30. Rh1 Kb7 31. Ke3 Rc8 32. Kd3 Rc4 33. Rb4 Rc6
34. Rhb1 Kc7 35. Kd2 Rc8 36. Kd3 Kd7 37. R4b3 Nc5+ 38. Bxc5 Rxc5 39. Rg1 Rc4
40. Re1 h4 0-1

[Event "4NCL Division Two"]
[Site "Daventry, ENG"]
[Date "2023.01.15"]
[Round "4.67"]
[White "Latham, David"]
[Black "Anilkumar, Anantha P"]
[Result "0-1"]
[WhiteElo "2099"]
[BlackElo "1878"]
[PlyCount "54"]
[EventDate "2023.01.15"]
[WhiteTeam "Spirit of Atticus"]
[BlackTeam "KJCA Kings"]

1. d4 Nf6 2. Nf3 g6 3. g3 Bg7 4. Bg2 O-O 5. c4 d5 6. cxd5 Nxd5 7. O-O Nb6 8.
Nc3 Nc6 9. d5 Ne5 10. Nd4 Bd7 11. f4 Ng4 12. h3 Nf6 13. Kh2 Qc8 14. Be3 c6 15.
Rc1 Qe8 16. dxc6 bxc6 17. Nb3 Rd8 18. Bxb6 axb6 19. Qc2 e5 20. e3 Bf5 21. e4
Be6 22. Na4 exf4 23. gxf4 Nh5 24. Nxb6 Nxf4 25. Nc4 Nd3 26. Rcd1 Bxc4 27. Qxc4
Nxb2 0-1

[Event "4NCL Division Two"]
[Site "Daventry, ENG"]
[Date "2023.01.15"]
[Round "4.68"]
[White "Willow, Hambel M"]
[Black "Doran, Chris"]
[Result "1/2-1/2"]
[WhiteElo "1794"]
[BlackElo "2001"]
[PlyCount "47"]
[EventDate "2023.01.15"]
[WhiteTeam "KJCA Kings"]
[BlackTeam "Spirit of Atticus"]

1. d4 Nf6 2. c4 g6 3. Nc3 Bg7 4. e4 d6 5. Nf3 O-O 6. h3 e5 7. d5 a5 8. Be2 Na6
9. Be3 Nh5 10. g4 Nf4 11. Bxf4 exf4 12. Qd2 Nc5 13. Qxf4 Re8 14. O-O Bxc3 15.
bxc3 Rxe4 16. Qh6 Rxe2 17. Ng5 Qf6 18. Qxh7+ Kf8 19. Rae1 Rxe1 20. Rxe1 Bd7 21.
Qh4 Kg8 22. Qh7+ Kf8 23. Qh4 Kg8 24. Qh7+ 1/2-1/2

[Event "4NCL Division Two"]
[Site "Warwick, ENG"]
[Date "2023.02.11"]
[Round "5.11"]
[White "Davies, Nigel R"]
[Black "Macklin, Paul"]
[Result "1/2-1/2"]
[WhiteElo "2398"]
[BlackElo "2353"]
[PlyCount "148"]
[EventDate "2023.02.11"]
[WhiteTeam "The ADs"]
[BlackTeam "Spirit of Atticus"]

1. d4 Nf6 2. Nf3 g6 3. Bg5 Bg7 4. e3 O-O 5. Be2 h6 6. Bh4 d6 7. O-O Nc6 8. d5
Nb8 9. c4 g5 10. Bg3 Ne4 11. Qc2 Nxg3 12. hxg3 e6 13. Nc3 Qe7 14. Rad1 Nd7 15.
Nd4 Nf6 16. Rfe1 Bd7 17. Bf3 Rab8 18. b4 Rfc8 19. Nb3 e5 20. a3 g4 21. Be2 h5
22. Bd3 Bh6 23. Bf5 Kg7 24. c5 Rh8 25. Na5 Bg5 26. c6 bxc6 27. Nxc6 Bxc6 28.
dxc6 h4 29. gxh4 Bxh4 30. g3 Bxg3 31. fxg3 Rh3 32. Re2 e4 33. Bxe4 Qe5 34. Bg2
Qxg3 35. Ne4 Nxe4 36. Qxe4 Rbh8 37. Kf1 f5 38. Qe7+ Kg6 39. Qe6+ Kg7 40. Qe7+
Kg6 41. Rf2 Qxe3 42. Qxe3 Rxe3 43. Rd5 Re5 44. Re2 Rhe8 45. Rexe5 dxe5 46. Rd7
e4 47. Rxc7 f4 48. Rd7 f3 49. Rd1 e3 50. Rc1 Kg5 51. c7 Rc8 52. Kg1 Kf4 53. Bf1
Kg3 54. Ba6 e2 55. Bxe2 fxe2 56. Rc3+ Kf4 57. Kf2 Ke5 58. Kxe2 Kd6 59. Rc4 Rxc7
60. Rxg4 Rc3 61. a4 Ra3 62. Rg6+ Kc7 63. Ra6 Kb7 64. b5 Rh3 65. Kd2 Rg3 66. Kc2
Rh3 67. Rc6 Ra3 68. Ra6 Rh3 69. Kb2 Rg3 70. Rf6 Rh3 71. a5 Rh5 72. a6+ Kc7 73.
Rf7+ Kb6 74. Rb7+ Ka5 1/2-1/2

[Event "4NCL Division Two"]
[Site "Warwick, ENG"]
[Date "2023.02.11"]
[Round "5.12"]
[White "Crocker, Philip J"]
[Black "Richardson, John R"]
[Result "0-1"]
[WhiteElo "2210"]
[BlackElo "2268"]
[PlyCount "74"]
[EventDate "2023.02.11"]
[WhiteTeam "Spirit of Atticus"]
[BlackTeam "The ADs"]

1. d4 Nf6 2. c4 e6 3. g3 d5 4. Nf3 Bb4+ 5. Bd2 Be7 6. Bg2 O-O 7. Qc2 c6 8. h4
b6 9. Bf4 Bb7 10. Nc3 Na6 11. Rd1 Rc8 12. e4 Nb4 13. Qb1 dxc4 14. e5 Nfd5 15.
Ng5 Nd3+ 16. Rxd3 cxd3 17. Qxd3 g6 18. Be4 c5 19. Nxh7 Nxf4 20. gxf4 Qxd4 21.
Qxd4 cxd4 22. Bxb7 dxc3 23. Nxf8 cxb2 24. O-O Rc1 25. Be4 Kxf8 26. Kg2 Bxh4 27.
Rg1 b5 28. Rf1 b4 29. Rg1 a5 30. Bb1 Ke7 31. Rf1 a4 32. Be4 a3 33. Bb1 b3 34.
axb3 Rxb1 35. Rxb1 a2 36. Rxb2 a1=Q 37. Re2 Qd4 0-1

[Event "4NCL Division Two"]
[Site "Warwick, ENG"]
[Date "2023.02.11"]
[Round "5.13"]
[White "Bradbury, Neil H"]
[Black "Carleton, John J"]
[Result "1-0"]
[WhiteElo "2201"]
[BlackElo "2128"]
[PlyCount "87"]
[EventDate "2023.02.11"]
[WhiteTeam "The ADs"]
[BlackTeam "Spirit of Atticus"]

1. d4 Nf6 2. Nf3 d5 3. c4 e6 4. g3 Bb4+ 5. Bd2 a5 6. Bg2 O-O 7. Qc2 c5 8. dxc5
Bxc5 9. cxd5 Qb6 10. O-O Na6 11. a3 exd5 12. Nc3 Bd7 13. Ng5 Bc6 14. Bxd5 h6
15. Bxc6 Qxc6 16. Nge4 Be7 17. Rac1 Qe6 18. Nxf6+ Bxf6 19. Ne4 Bxb2 20. Qxb2
Qxe4 21. Bxa5 Rac8 22. Bc3 f6 23. Bd4 Rfd8 24. f3 Qe7 25. Bb6 Re8 26. e4 Nb8
27. Kg2 Nd7 28. Bd4 Nf8 29. Qb3+ Kh8 30. a4 Ne6 31. Bb6 Rxc1 32. Rxc1 Qd7 33.
Rd1 Qc6 34. a5 Ng5 35. h4 Ne6 36. Qd5 Qc2+ 37. Rd2 Qc1 38. Qd7 Rc8 39. Re2 Nf8
40. Qxb7 Ng6 41. a6 Ne5 42. a7 Qc6 43. Qxc6 Nxc6 44. Ra2 1-0

[Event "4NCL Division Two"]
[Site "Warwick, ENG"]
[Date "2023.02.11"]
[Round "5.14"]
[White "Jackson, Sheila"]
[Black "Snape, Ian L"]
[Result "1/2-1/2"]
[WhiteElo "2129"]
[BlackElo "2183"]
[PlyCount "160"]
[EventDate "2023.02.11"]
[WhiteTeam "Spirit of Atticus"]
[BlackTeam "The ADs"]

1. e4 c5 2. Nf3 d6 3. c3 Nf6 4. Be2 Nbd7 5. d3 b6 6. O-O g6 7. Qb3 Bg7 8. Ng5
O-O 9. f4 Bb7 10. Bf3 Qc7 11. Na3 a6 12. Be3 b5 13. Rae1 e6 14. g4 h6 15. Nh3
c4 16. Qc2 cxd3 17. Qxd3 Nc5 18. Bxc5 Qxc5+ 19. Kg2 d5 20. e5 Ne4 21. g5 b4 22.
Nb1 bxc3 23. Bxe4 dxe4 24. Qxc3 e3+ 25. Kg3 Qd5 26. Re2 hxg5 27. Qxe3 gxf4+ 28.
Nxf4 Qd8 29. h4 Rc8 30. Nc3 Qe7 31. Nd3 Rc4 32. Qg5 Qxg5+ 33. hxg5 Rd8 34. Nf2
Rdd4 35. Rd1 Rf4 36. Rd8+ Bf8 37. Rb8 Rf3+ 38. Kh2 Rh4+ 39. Kg1 Rg3+ 40. Kf1
Bf3 41. Rd2 Rxg5 42. Rdd8 Rxe5 43. Rxf8+ Kg7 44. Rg8+ Kf6 45. Rh8 Rf4 46. Rb6
Bh5 47. Rd8 Rf3 48. Rxa6 Rxc3 49. bxc3 Be2+ 50. Kg2 Rg5+ 51. Kh3 Rh5+ 52. Kg3
Bxa6 53. Ne4+ Kg7 54. a4 Rf5 55. Rd7 g5 56. Ra7 Ra5 57. Nd6 Rxa4 58. Rxf7+ Kg6
59. Rf3 Bc4 60. Re3 Bd5 61. c4 Bxc4 62. Nxc4 Rxc4 63. Rxe6+ Kh5 64. Re3 Rg4+
65. Kh3 Rf4 66. Kg3 Kg6 67. Ra3 Rb4 68. Rf3 Rb1 69. Rf8 Rg1+ 70. Kf2 Ra1 71.
Kg3 Ra3+ 72. Kg4 Ra1 73. Rg8+ Kf6 74. Rf8+ Kg7 75. Rf5 Kh6 76. Rf6+ Kg7 77. Rf5
Rg1+ 78. Kh5 g4 79. Rg5+ Kf6 80. Rxg4 Rxg4 1/2-1/2

[Event "4NCL Division Two"]
[Site "Warwick, ENG"]
[Date "2023.02.11"]
[Round "5.15"]
[White "Duggan, John E"]
[Black "Savidge, Daniel"]
[Result "1-0"]
[WhiteElo "2165"]
[BlackElo "2133"]
[PlyCount "81"]
[EventDate "2023.02.11"]
[WhiteTeam "The ADs"]
[BlackTeam "Spirit of Atticus"]

1. d4 f5 2. g3 Nf6 3. Bg2 g6 4. Nf3 Bg7 5. O-O d6 6. Nbd2 O-O 7. c3 Nc6 8. b4
Qe8 9. Qb3+ Kh8 10. d5 Nd8 11. Nd4 c6 12. dxc6 bxc6 13. f4 e5 14. fxe5 dxe5 15.
Nc2 e4 16. Bb2 Nf7 17. Nd4 Ne5 18. c4 Rb8 19. Qa3 Bh6 20. N4b3 Neg4 21. Bd4 Qe7
22. Qxa7 Qxa7 23. Bxa7 Be3+ 24. Bxe3 Nxe3 25. Rfc1 Rxb4 26. Rc3 Nfg4 27. h3
Nxg2 28. hxg4 e3 29. Nf1 fxg4 30. Kxg2 Rf2+ 31. Kg1 Rxe2 32. Rxe3 Rxe3 33. Nxe3
Be6 34. Rc1 h5 35. Kf2 Kg7 36. Rc2 Kf6 37. Nc5 Bf7 38. a4 g5 39. a5 Bg6 40. Ra2
Rb8 41. Nd7+ 1-0

[Event "4NCL Division Two"]
[Site "Warwick, ENG"]
[Date "2023.02.11"]
[Round "5.16"]
[White "Ackley, Peter J E"]
[Black "Roe, Simon J"]
[Result "1/2-1/2"]
[WhiteElo "2092"]
[BlackElo "2146"]
[PlyCount "70"]
[EventDate "2023.02.11"]
[WhiteTeam "Spirit of Atticus"]
[BlackTeam "The ADs"]

1. g3 d5 2. Bg2 Nf6 3. Nf3 c5 4. O-O Nc6 5. c4 e6 6. b3 Be7 7. Bb2 O-O 8. cxd5
exd5 9. d4 Re8 10. Nc3 cxd4 11. Nb5 Bg4 12. Nbxd4 Bd6 13. h3 Be6 14. Nxc6 bxc6
15. Nd4 Bd7 16. Qc2 Rc8 17. e3 Ne4 18. Ne2 Bf5 19. Qd1 Qd7 20. g4 Bg6 21. Nf4
Qc7 22. Rc1 Bxf4 23. exf4 Qxf4 24. Qd4 Qf6 25. Qxf6 Nxf6 26. Bxf6 gxf6 27. Rc5
Be4 28. Rfc1 Re6 29. f3 Bd3 30. Rxd5 cxd5 31. Rxc8+ Kg7 32. Rd8 Re1+ 33. Kh2
Bb1 34. Rxd5 Bxa2 35. Ra5 Bxb3 1/2-1/2

[Event "4NCL Division Two"]
[Site "Warwick, ENG"]
[Date "2023.02.11"]
[Round "5.17"]
[White "Agrawal, Shivam"]
[Black "Latham, David"]
[Result "1/2-1/2"]
[WhiteElo "2095"]
[BlackElo "2099"]
[PlyCount "56"]
[EventDate "2023.02.11"]
[WhiteTeam "The ADs"]
[BlackTeam "Spirit of Atticus"]

1. d4 Nf6 2. c4 e6 3. Nc3 d5 4. Bg5 Be7 5. Nf3 Nbd7 6. e3 h6 7. Bh4 Ne4 8. Bxe7
Qxe7 9. Bd3 Nxc3 10. bxc3 dxc4 11. Bxc4 c5 12. O-O O-O 13. e4 e5 14. Nxe5 Nxe5
15. dxe5 Qxe5 16. Qd3 Qe7 17. Rab1 Be6 18. Bxe6 fxe6 19. Rfd1 Rad8 20. Qc4 b6
21. a4 Kh8 22. f3 Rd7 23. Rxd7 Qxd7 24. a5 Rd8 25. axb6 axb6 26. Rb2 Qd6 27.
Qe2 Kg8 28. g3 Qd3 1/2-1/2

[Event "4NCL Division Two"]
[Site "Warwick, ENG"]
[Date "2023.02.11"]
[Round "5.18"]
[White "Phillips, David A"]
[Black "Gamal, Alaa"]
[Result "1-0"]
[WhiteElo "2071"]
[BlackElo "1914"]
[PlyCount "129"]
[EventDate "2023.02.11"]
[WhiteTeam "Spirit of Atticus"]
[BlackTeam "The ADs"]

1. Nf3 d5 2. g3 Nf6 3. Bg2 Bg4 4. O-O e6 5. c4 c6 6. cxd5 Bxf3 7. Bxf3 cxd5 8.
Qb3 Qd7 9. Nc3 Nc6 10. Bg2 Be7 11. d3 O-O 12. Bf4 Nd4 13. Qd1 b5 14. e3 Nc6 15.
Nxb5 h6 16. e4 e5 17. exd5 Nxd5 18. Bd2 Rab8 19. Qa4 Nb6 20. Qe4 Nd4 21. Nxd4
exd4 22. Bf4 Rbc8 23. b3 Ba3 24. Bc1 Rfe8 25. Qf4 Bb4 26. a4 Rc2 27. Ba3 Bd2
28. Qd6 Qg4 29. Bc5 Qe2 30. Bxb6 axb6 31. Qd5 Be3 32. fxe3 Qxe3+ 33. Kh1 Rf8
34. Qe4 Qd2 35. a5 bxa5 36. Rad1 Qc3 37. Rf5 Rb2 38. Qd5 Qc2 39. Qf3 Ra2 40.
Rf1 f6 41. Qd5+ Kh8 42. R5f2 Qxf2 43. Rxf2 Rxf2 44. Qxd4 Ra2 45. h4 Rc8 46. h5
Rc1+ 47. Kh2 Rcc2 48. Qd5 Rxg2+ 49. Qxg2 Rxg2+ 50. Kxg2 Kg8 51. Kf3 Kf7 52. Ke4
Ke6 53. g4 Kd6 54. d4 Ke6 55. d5+ Ke7 56. Kf5 Kd6 57. Kg6 Kxd5 58. Kxg7 Ke6 59.
Kxh6 Kf7 60. Kh7 f5 61. g5 f4 62. g6+ Ke7 63. g7 f3 64. g8=Q f2 65. Qg2 1-0

[Event "4NCL Division Two"]
[Site "Warwick, ENG"]
[Date "2023.02.11"]
[Round "5.21"]
[White "Cherniaev, Alexander"]
[Black "Chan, Kim Yew"]
[Result "1/2-1/2"]
[WhiteElo "2372"]
[BlackElo "2282"]
[PlyCount "83"]
[EventDate "2023.02.11"]
[WhiteTeam "Barnet Knights A"]
[BlackTeam "SchachAttack"]

1. c4 c5 2. g3 g6 3. Bg2 Bg7 4. Nc3 Nc6 5. d3 Nf6 6. Qd2 O-O 7. b3 d6 8. Bb2
Bd7 9. h4 a6 10. Nh3 Rb8 11. Nf4 h5 12. Nh3 b5 13. Ng5 Ne5 14. O-O Qb6 15. Nd5
Nxd5 16. cxd5 b4 17. d4 c4 18. dxe5 c3 19. Bxc3 bxc3 20. Qc2 Bxe5 21. Kh2 Qb4
22. Bh3 Bxh3 23. Kxh3 a5 24. f4 Bf6 25. e4 a4 26. Rab1 axb3 27. axb3 Ra8 28. f5
Be5 29. Rf3 Qa3 30. Rf2 Qc5 31. Rbf1 Qe3 32. Rf3 Qd2 33. Qxd2 cxd2 34. Rd1 Ra2
35. Rd3 Rc8 36. fxg6 fxg6 37. Nf3 Bf6 38. R1xd2 Ra1 39. g4 hxg4+ 40. Kxg4 Rb1
41. Rg2 Rb8 42. Kf4 1/2-1/2

[Event "4NCL Division Two"]
[Site "Warwick, ENG"]
[Date "2023.02.11"]
[Round "5.22"]
[White "Nicholas, Koichi B"]
[Black "Rocco, Federico"]
[Result "0-1"]
[WhiteElo "2174"]
[BlackElo "2192"]
[PlyCount "80"]
[EventDate "2023.02.11"]
[WhiteTeam "SchachAttack"]
[BlackTeam "Barnet Knights A"]

1. e4 c5 2. Nf3 d6 3. d4 cxd4 4. Nxd4 Nf6 5. Nc3 a6 6. Be3 e5 7. Nb3 Be6 8. Qd2
Qc7 9. f3 h5 10. Nd5 Bxd5 11. exd5 Nbd7 12. c4 b6 13. Be2 a5 14. Rb1 Be7 15.
O-O O-O 16. Rfc1 Rfe8 17. Na1 e4 18. Nc2 exf3 19. gxf3 Ne5 20. Nd4 Qd7 21. Kh1
Bf8 22. Bg5 Nh7 23. Rg1 g6 24. Bh6 Be7 25. Rg2 Bf6 26. Rbg1 Kh8 27. f4 Ng4 28.
Bxg4 hxg4 29. Rxg4 Re4 30. Ne6 Rxc4 31. Qg2 Rac8 32. b3 Rc2 33. Qe4 Rc1 34. Qg2
Rxg1+ 35. Qxg1 Qb7 36. Ng5 Qxd5+ 37. Rg2 Nxg5 38. fxg5 Bb2 39. Bf8 Rc1 40. Bg7+
Kxg7 0-1

[Event "4NCL Division Two"]
[Site "Warwick, ENG"]
[Date "2023.02.11"]
[Round "5.23"]
[White "Mirzoeva, Elmira"]
[Black "Voyiakis, Emmanuel"]
[Result "1-0"]
[WhiteElo "2261"]
[BlackElo "2210"]
[PlyCount "53"]
[EventDate "2023.02.11"]
[WhiteTeam "Barnet Knights A"]
[BlackTeam "SchachAttack"]

1. d4 d5 2. Nf3 Nf6 3. c4 dxc4 4. e3 e6 5. Bxc4 a6 6. O-O c5 7. b3 cxd4 8. Nxd4
b5 9. Be2 Bb7 10. Bb2 Be7 11. a4 bxa4 12. Rxa4 O-O 13. Nd2 Nbd7 14. Qa1 Nc5 15.
Ra5 Bd5 16. Rc1 Qb6 17. Nc4 Qb7 18. Ba3 Rfc8 19. Nd2 Nce4 20. Rxc8+ Rxc8 21.
Bxa6 Qc7 22. Bxe7 Ng4 23. Nf1 Ra8 24. Bb4 Ngxf2 25. Bc4 Rxa5 26. Qxa5 Qxa5 27.
Bxa5 1-0

[Event "4NCL Division Two"]
[Site "Warwick, ENG"]
[Date "2023.02.11"]
[Round "5.24"]
[White "Hng, Mei-En Emmanuelle"]
[Black "Villiers, Thomas"]
[Result "0-1"]
[WhiteElo "2117"]
[BlackElo "2155"]
[PlyCount "63"]
[EventDate "2023.02.11"]
[WhiteTeam "SchachAttack"]
[BlackTeam "Barnet Knights A"]

1. Nf3 d5 2. c4 e6 3. e3 Nf6 4. Nc3 Be7 5. d4 O-O 6. Bd3 dxc4 7. Bxc4 c5 8. O-O
Nc6 9. a3 b6 10. Qd3 Bb7 11. Rd1 Na5 12. Ba2 Rc8 13. Qe2 Qc7 14. e4 cxd4 15.
Nxd4 Qe5 16. f3 Rfd8 17. Be3 Bc5 18. Qf2 Qb8 19. Rd2 Bd6 20. Qh4 Nc4 21. Bxc4
Rxc4 22. Rad1 Rc5 23. Nf5 exf5 24. Bxc5 Bxc5+ 25. Kh1 Rxd2 26. Rxd2 fxe4 27.
Nxe4 Be7 28. Nxf6+ Bxf6 29. Qe1 g6 30. Re2 Qf4 31. Re8+ Kg7 32. Qb4 0-1

[Event "4NCL Division Two"]
[Site "Warwick, ENG"]
[Date "2023.02.11"]
[Round "5.25"]
[White "Stoica, Savas Marin"]
[Black "Wilks, Simon"]
[Result "1/2-1/2"]
[WhiteElo "2236"]
[BlackElo "2202"]
[PlyCount "93"]
[EventDate "2023.02.11"]
[WhiteTeam "Barnet Knights A"]
[BlackTeam "SchachAttack"]

1. d4 Nf6 2. c4 e6 3. Nf3 Bb4+ 4. Nbd2 O-O 5. g3 d5 6. Bg2 b6 7. O-O Bb7 8. Ne5
Nbd7 9. Qa4 Bd6 10. cxd5 exd5 11. Nxd7 Qxd7 12. Qxd7 Nxd7 13. Nc4 Be7 14. Bf4
Rac8 15. Ne3 Nf6 16. Bh3 Ra8 17. Bxc7 Ba6 18. Nf5 Rfe8 19. a3 Bf8 20. Be5 Bxe2
21. Rfe1 Bg4 22. Bxg4 Nxg4 23. Bd6 g6 24. Bxf8 Kxf8 25. Nd6 Red8 26. Nb5 Nh6
27. f3 a6 28. Nc3 Rd6 29. g4 f6 30. Rac1 Re8 31. Na4 Rxe1+ 32. Rxe1 Rc6 33. Nc3
Rd6 34. b4 Nf7 35. b5 axb5 36. Rb1 Ng5 37. Kf2 Ne6 38. Ke3 Nc7 39. f4 Ke7 40.
f5 Kd7 41. Nxb5 Nxb5 42. Rxb5 Kc6 43. Rb3 gxf5 44. gxf5 Rd8 45. Kf2 Re8 46. Rh3
Re7 47. a4 1/2-1/2